Database Management Systems (Record no. 1911)

MARC details
000 -LEADER
fixed length control field 00479 a2200169 4500
000 - LEADER
fixed length control field nam a22 7a 4500
001 - CONTROL NUMBER
control field 1911
005 - DATE AND TIME OF LATEST TRANSACTION
control field 20260407134241.0
020 ## - INTERNATIONAL STANDARD BOOK NUMBER
International Standard Book Number 9780073523327
100 ## - MAIN ENTRY--PERSONAL NAME
Personal name Abraham Silberschatz, Henry F. Korth, S. Sudarshan
110 ## - MAIN ENTRY--CORPORATE NAME
Corporate name or jurisdiction name as entry element Abraham Silberschatz, Henry F. Korth, S. Sudarshan
245 ## - TITLE STATEMENT
Title Database Management Systems
250 ## - EDITION STATEMENT
Edition statement 6th Edition
260 ## - PUBLICATION, DISTRIBUTION, ETC.
Name of publisher, distributor, etc. McGraw-Hill Education
Date of publication, distribution, etc. 2010
264 ## - PRODUCTION, PUBLICATION, DISTRIBUTION, MANUFACTURE, AND COPYRIGHT NOTICE
Name of producer, publisher, distributor, manufacturer McGraw-Hill Education
Date of production, publication, distribution, manufacture, or copyright notice 2010
942 ## - ADDED ENTRY ELEMENTS (KOHA)
Koha item type Books
Holdings
Withdrawn status Lost status Source of classification or shelving scheme Damaged status Not for loan Home library Current library Date acquired Total checkouts Barcode Date last seen Price effective from Koha item type
    Dewey Decimal Classification     Centerville Centerville 07/04/2026   CPL26040008 07/04/2026 07/04/2026 Books